Score 0/17 Timer 03:00
1 Play Today
Scrambled Capital Unscrambled Capital % Correct
DEENRVDenver
95.3%
AAGSTUUAugusta
91.8%
AEEHLNHelena
87.7%
AFFKNORRTFrankfort
82.1%
AAAEEHLLSSTTallahassee
75.9%
AEGHILRRaleigh
70.8%
AADIIILNNOPSIndianapolis
69.3%
CDHIMNORRichmond
67.1%
AAILNNOPSAnnapolis
64.4%
Scrambled Capital Unscrambled Capital % Correct
Bonus Capital from 1st LettersHartford
62.5%
DEEIMNOSSDes Moines
57.8%
AACHIKLMOOTYOklahoma City
54.3%
AEHILLNSVNashville
50.1%
EEILMNOPRTMontpelier
44.7%
AACEMNORSTSacramento
44.7%
AILMOPYOlympia
40.9%
Bonus Capital from 1st LettersMadison
37.1%
Remove Ads.
Support Sporcle.
Get the best of Sporcle when you Go Orange. This ad-free experience offers more features, more stats, and more fun while also helping to support Sporcle. Thank you for becoming a member.

You're not logged in!

Compare scores with friends on all Sporcle quizzes.
OR
Log In

Show Comments

Extras

Top Quizzes Today


Score Distribution

Your Account Isn't Verified!

In order to create a playlist on Sporcle, you need to verify the email address you used during registration. Go to your Sporcle Settings to finish the process.

Report this User

Report this user for behavior that violates our Community Guidelines.

Details: